000
00318nam a2200133Ia 4500
100
_a
Anderson B & others
942
_c
BK
654
_a
Unix programming
245
_a
Unix Communication and the Internet
260
_b
Prentice Hall of India
_a
New Delhi
_c
1995
300
_a
817
546
_a
ENGLISH
999
_c
22060
_d
22060